000 00914nam a2200265 i 4500
001 15324
003 ES-MaACL
005 20250728062554.0
007 t|
008 000214s1998 sp ||||0| spa j
020 _a84-7392-418-5
040 _aM-BN
_bspa
_cM-BN
080 _a929 Sainz Rodríguez, Pedro
080 _a32 Sainz Rodríguez, Pedro
100 1 _aEscribano Hernández, Julio.
_947639
245 1 0 _aPedro Sainz Rodríguez /
_cJulio Escribano Hernández ; prólogo de Amancio Labandeira Fernández.
260 _aMadrid :
_bFundación Universitaria Española,
_c1998.
300 _a338 p. ;
_c25 cm.
490 1 _aMonografías ;
_v72
600 1 4 _aSainz Rodríguez, Pedro,
_d1898-1986
_9101608
700 1 _aLabandeira, Amancio,
_d1939-
_969203
830 0 0 _aMonografías (Centro de Estudios Benaventanos "Ledo del Pozo")
_v72
_9177262
852 _aES-MaACL
_jL-22619
999 _c15324
_d15324